| 000 | 01136cab a2200349 4500 | ||
|---|---|---|---|
| 001 | ABS55158 | ||
| 008 | 090401t1996 xxu||||| |||| 00| 0 eng d | ||
| 035 | _a(Sirsi) u14576 | ||
| 041 | _aeng | ||
| 100 | _aSharpe, G. | ||
| 245 | _aGothic style conquered by an italian invasion | ||
| 260 | _c1996 | ||
| 350 | _a0 | ||
| 490 |
_aBuilding Engineer _v71(4) May 1996, 16-17(2) |
||
| 520 | _aPresents historic overview of window designs. Looks at influences starting in the Renaissance period and moving on through sash windows to cast iron and mass production under the industrial revolution. Diagrams. For part 1 see Abstract 53237. | ||
| 650 | _aBAY WINDOW | ||
| 650 | _aBRITISH CLASSICISM | ||
| 650 | _aCAST IRON WINDOWS | ||
| 650 | _aFANLIGHT WINDOWS | ||
| 650 | _aGOTHIC STYLE | ||
| 650 | _aHISTORY | ||
| 650 | _aITALIAN RENAISSANCE WINDOW STYLES | ||
| 650 | _aMARGIN LIGHT WINDOWS | ||
| 650 | _aSASH WINDOWS | ||
| 650 | _aSTEEL WINDOWS | ||
| 650 | _aWINDOW DESIGNS | ||
| 650 | _aWINDOWS | ||
| 690 | _aBUILT ENVIRONMENT-CONSTRUCTION DESIGN | ||
| 690 | _aCONSERVATION | ||
| 942 | _n0 | ||
| 948 | _c04/03/1997 | ||
| 999 |
_c9510 _d9510 |
||